| 000 | 00991nam a2200277 a 4500 | ||
|---|---|---|---|
| 005 | 20160726125612.0 | ||
| 008 | 140314b2003 cl d||||r|||| 00| 0 spa d | ||
| 020 | _a9567065209 | ||
| 040 |
_aCO-BoIAVH _cCO-BoIAVH |
||
| 041 | 0 | _aspa | |
| 044 | _acl | ||
| 082 | 0 | 4 |
_a338.17 _bB64m |
| 100 | 1 |
_aBorregaard, Nicola _eautor |
|
| 245 | 1 | 0 |
_aMercados verdes : _boportunidades prometedoras y desafiantes / _cNicolas Borregaard [y otrs 3] |
| 260 |
_aSantiago de Chile, Chile : _bCIPMA : _bRIDES, _c2003. |
||
| 300 |
_a191 páginas : _btablas y gráficas ; _c22 x 15 cm. |
||
| 504 | _aIncluye referencias bibliográficas. | ||
| 650 | 2 | 6 |
_aAgricultura orgánica _zChile |
| 650 | 2 | 4 |
_aMercados verdes _zChile |
| 650 | 2 | 6 |
_aDesarrollo sostenible _zChile |
| 650 | 2 | 6 |
_aOrdenación forestal _zChile |
| 700 | 1 |
_aDufey, Annie _eautora |
|
| 700 | 1 |
_aGeisse, Guillermo _eautor |
|
| 700 | 1 |
_aLadrón de Guevara, Juan _eautor |
|
| 942 |
_cLIBRO _2ddc |
||
| 999 |
_c4123 _d4123 |
||